| 000 | 00822nam a2200289Ia 4500 | ||
|---|---|---|---|
| 003 | OSt | ||
| 005 | 20220912150716.0 | ||
| 006 | a|||||r|||| 00| 0 | ||
| 007 | ta | ||
| 008 | 220909b |||||||| |||| 00| 0 eng d | ||
| 020 | _a1891389297 (pbk) | ||
| 024 | _a11822 | ||
| 037 | _bDhanraj, | ||
| 037 | _cTextual | ||
| 040 |
_aCSL _beng _cCSL |
||
| 041 | _aeng | ||
| 082 | _aB0bA, P3;1 | ||
| 100 | _aMcQuarrie Donald A | ||
| 245 | 0 | _aMathematical methods for scientists and engineers | |
| 260 |
_aSausalito _bUniversity Science Books _c2003 |
||
| 300 | _axiii, 1161p | ||
| 500 | _aIncludes bibliographical references; Index 1155-1161p | ||
| 650 | _a Mathematical methods | ||
| 650 | _aMathematics | ||
| 942 |
_hB0bA, P3;1 _cTEXL _2CC |
||
| 999 |
_c53071 _d53071 |
||